Học để dạy học trong một xã hội tri thức : Nghiên cứu về Việt Nam

Na minha lista:
Detalhes bibliográficos
Autor principal: Huang, Sandra S.
Formato: Livro
Idioma:Undetermined
Publicado em: Washington Ngân hàng Thế giới 2005
Assuntos:
Tags: Adicionar Tag
Sem tags, seja o primeiro a adicionar uma tag!
Thư viện lưu trữ: Trung tâm Học liệu Trường Đại học Cần Thơ
LEADER 00614nam a2200205Ia 4500
001 CTU_108464
008 210402s9999 xx 000 0 und d
082 |a 371.904 
082 |b H874 
100 |a Huang, Sandra S. 
245 0 |a Học để dạy học trong một xã hội tri thức : 
245 0 |b Nghiên cứu về Việt Nam 
245 0 |c Sandra S. Huang 
260 |a Washington 
260 |b Ngân hàng Thế giới 
260 |c 2005 
650 |a Educations 
650 |x Teaching and studying 
904 |i Giang 
980 |a Trung tâm Học liệu Trường Đại học Cần Thơ